00510nam a2200169Ia 450000500170000000800410001702000150005808200130007324500460008626000390013230000140017165000160018570000190020194200060022095200990022699900150032520250325041957.0240331s9999 xx 000 0 und d a9556590498 bMUTa894 0aMutpooku illakiyathil kavithai chuvadukal aChennaibKumaran Books housec2006 a162 p ., akavithaigal aKumaran. eedt cL 001040708LaWERCLbWERCLcSSCd2024-03-31l0o 894.811 MUTp5622r2024-03-31w2024-03-31yL c4052d4052